| 000 | 00779nam a2200241 a 4500 | ||
|---|---|---|---|
| 999 |
_c10875 _d10875 |
||
| 001 | 10875 | ||
| 003 | BD-JhCC | ||
| 005 | 20190626102509.0 | ||
| 008 | 190522b2010 bd ||||| a||| 00| 0 ben d | ||
| 020 | _a9847011701479 | ||
| 035 | _a(BD-JhCC)10875 | ||
| 040 |
_aBD-JhCC _dBD-JhCC |
||
| 041 | _aben | ||
| 082 |
_bSAM 2010 _a794.8 |
||
| 100 | _aশামীম, মুহাম্মদ | ||
| 245 |
_aসুডোকু মিলাও বুদ্ধি বাড়াও : _bসুডোকু চ্যালেঞ্জ / _cমুহাম্মদ শামীম |
||
| 260 |
_aঢাকা, _bরোদেলা প্রকাশনি; _c2010. |
||
| 300 |
_a143 p. : _bill; _c20 cm. |
||
| 650 | _aSudoku | ||
| 650 | _aPuzzles | ||
| 942 |
_2ddc _cBK |
||